| 000 -LEADER |
| fixed length control field |
01366cam a2200349 a 4500 |
| 001 - CONTROL NUMBER |
| control field |
725910 |
| 003 - CONTROL NUMBER IDENTIFIER |
| control field |
CEME |
| 005 - DATE AND TIME OF LATEST TRANSACTION |
| control field |
20210628201624.0 |
| 008 - FIXED-LENGTH DATA ELEMENTS--GENERAL INFORMATION |
| fixed length control field |
980406s1998 nyua 001 0 eng |
| 010 ## - LIBRARY OF CONGRESS CONTROL NUMBER |
| LC control number |
98021008 |
| 020 ## - INTERNATIONAL STANDARD BOOK NUMBER |
| International Standard Book Number |
0-07-058960-7 |
| 040 ## - CATALOGING SOURCE |
| Original cataloging agency |
DLC |
| Transcribing agency |
DLC |
| Modifying agency |
DLC |
| 050 00 - LIBRARY OF CONGRESS CALL NUMBER |
| Classification number |
QC320 |
| Item number |
.P55 1998 |
| 082 00 - DEWEY DECIMAL CLASSIFICATION NUMBER |
| Classification number |
621.402/2 |
| Edition number |
21 |
| 100 1# - MAIN ENTRY--PERSONAL NAME |
| Personal name |
Pitts, Donald R.SISSOM, LEIGHTON E |
| 9 (RLIN) |
56049 |
| 245 10 - TITLE STATEMENT |
| Title |
Schaum's outline of theory and problems of heat transfer / |
| Statement of responsibility, etc. |
Donald R. Pitts, Leighton E. Sissom. |
| 246 30 - VARYING FORM OF TITLE |
| Title proper/short title |
Theory and problems of heat transfer |
| 246 14 - VARYING FORM OF TITLE |
| Title proper/short title |
Heat transfer |
| 250 ## - EDITION STATEMENT |
| Edition statement |
2nd ed. |
| 260 ## - PUBLICATION, DISTRIBUTION, ETC. |
| Place of publication, distribution, etc. |
New York : |
| Name of publisher, distributor, etc. |
McGraw-Hill, |
| Date of publication, distribution, etc. |
c1998. |
| 300 ## - PHYSICAL DESCRIPTION |
| Extent |
vii, 365 p. : |
| Other physical details |
ill. ; |
| Dimensions |
28 cm. |
| 490 0# - SERIES STATEMENT |
| Series statement |
Schaum's outline series |
| 500 ## - GENERAL NOTE |
| General note |
Rev. ed. of: Schaum's outline of theory and problems of heat transfer. New York : McGraw-Hill, c1997. |
| 500 ## - GENERAL NOTE |
| General note |
Includes index. |
| 650 #0 - SUBJECT ADDED ENTRY--TOPICAL TERM |
| Topical term or geographic name entry element |
Heat |
| General subdivision |
Transmission. |
| 9 (RLIN) |
1537 |
| 650 #0 - SUBJECT ADDED ENTRY--TOPICAL TERM |
| Topical term or geographic name entry element |
Heat |
| General subdivision |
Transmission |
| -- |
Problems, exercises, etc. |
| 9 (RLIN) |
56050 |
| 700 1# - ADDED ENTRY--PERSONAL NAME |
| Personal name |
Sissom, Leighton E. |
| 9 (RLIN) |
56051 |
| 856 42 - ELECTRONIC LOCATION AND ACCESS |
| Materials specified |
Publisher description |
| Uniform Resource Identifier |
<a href="http://www.loc.gov/catdir/description/mh023/98021008.html">http://www.loc.gov/catdir/description/mh023/98021008.html</a> |
| 856 41 - ELECTRONIC LOCATION AND ACCESS |
| Materials specified |
Table of contents |
| Uniform Resource Identifier |
<a href="http://www.loc.gov/catdir/toc/mh022/98021008.html">http://www.loc.gov/catdir/toc/mh022/98021008.html</a> |
| 856 42 - ELECTRONIC LOCATION AND ACCESS |
| Materials specified |
Contributor biographical information |
| Uniform Resource Identifier |
<a href="http://www.loc.gov/catdir/enhancements/fy0739/98021008-b.html">http://www.loc.gov/catdir/enhancements/fy0739/98021008-b.html</a> |
| 942 ## - ADDED ENTRY ELEMENTS (KOHA) |
| Source of classification or shelving scheme |
|
| Koha item type |
Book |